000 00621cam a22002053a 4500
001 42073
003 PGUSA
005 20140828083941.0
008 130211s2013||||xxu|||||s|||||000 | eng d
040 _aPGUSA
_beng
042 _adc
100 1 _aSchneider, Norman H.
245 1 0 _aElectric Gas Lighting :
_bHow to Install Electric Gas Ignition Apparatus
_h[electronic resource] /
_cNorman H. Schneider
260 _bProject Gutenberg,
_c2013
506 _aPublic domain in the USA.
516 _aElectronic text
830 0 _aProject Gutenberg
_v42073
856 4 0 _uhttp://www.gutenberg.org/ebooks/42073
942 _cEB
999 _c271325
_d271325